| 000 | 00387nam a2200145Ia 4500 | ||
|---|---|---|---|
| 008 | 230917s9999||||xx |||||||||||||| ||und|| | ||
| 040 |
_e137939 _aMAIN |
||
| 041 | _aEnglish | ||
| 082 | _a658.8 B469S | ||
| 100 | _aBhattacharjee, C. | ||
| 245 | 0 | _aServices marketing: concepts, planning and implementation | |
| 260 |
_aNew Delhi _bExcel Books _c2006 |
||
| 300 | _a696p p. | ||
| 942 | _cBK | ||
| 999 |
_c144945 _d144945 |
||